<?xml version="1.0" encoding="UTF-8"?>
<record
    xmlns:xsi="http://www.w3.org/2001/XMLSchema-instance"
    xsi:schemaLocation="http://www.loc.gov/MARC21/slim http://www.loc.gov/standards/marcxml/schema/MARC21slim.xsd"
    xmlns="http://www.loc.gov/MARC21/slim">

  <leader>01677nam a2200349 a 4500</leader>
  <controlfield tag="001">000038917</controlfield>
  <controlfield tag="003">DO-SdBNP</controlfield>
  <controlfield tag="005">20200716093928.0</controlfield>
  <controlfield tag="007">000038917</controlfield>
  <controlfield tag="008">150130s2013    dr acd        000 0 spa d</controlfield>
  <datafield tag="020" ind1=" " ind2=" ">
    <subfield code="a">9789945174700</subfield>
  </datafield>
  <datafield tag="040" ind1=" " ind2=" ">
    <subfield code="a">BPMSU</subfield>
    <subfield code="b">spa</subfield>
    <subfield code="c">BPMSU</subfield>
  </datafield>
  <datafield tag="092" ind1=" " ind2=" ">
    <subfield code="a">373.83      </subfield>
    <subfield code="b">C569s  1ro.  2013</subfield>
  </datafield>
  <datafield tag="245" ind1="0" ind2="0">
    <subfield code="a">Ciencias sociales 1 : </subfield>
    <subfield code="b">educaci&#xF3;n media /</subfield>
    <subfield code="c">colaboraci&#xF3;n Ryde Acosta ... [et al.]  ; gerencia  editorial Anna Rogero Soler </subfield>
  </datafield>
  <datafield tag="260" ind1=" " ind2=" ">
    <subfield code="a">Santo Domingo :</subfield>
    <subfield code="b">SM,</subfield>
    <subfield code="c">2013</subfield>
  </datafield>
  <datafield tag="300" ind1=" " ind2=" ">
    <subfield code="a">287 p. : </subfield>
    <subfield code="b">il., retrs., mapas ;</subfield>
    <subfield code="c">29 cm. +</subfield>
    <subfield code="e">CD ROM.</subfield>
  </datafield>
  <datafield tag="490" ind1="1" ind2=" ">
    <subfield code="a">Proyecto S&#xE9;</subfield>
  </datafield>
  <datafield tag="504" ind1=" " ind2=" ">
    <subfield code="a">Bibliograf&#xED;a : p. 287 </subfield>
  </datafield>
  <datafield tag="505" ind1="0" ind2=" ">
    <subfield code="t">Unidad 1.</subfield>
    <subfield code="t">Geograf&#xED;a  f&#xED;sica de la tierra &#x2013;</subfield>
    <subfield code="t">Unidad 2.</subfield>
    <subfield code="t">Los continentes --</subfield>
    <subfield code="t">Unidad 3.</subfield>
    <subfield code="t">La prehistoria y las primeras civilizaciones &#x2013;</subfield>
    <subfield code="t">Unidad 4.</subfield>
    <subfield code="t">De Grecia a la Edad Media &#x2013;</subfield>
    <subfield code="t">Unidad 5.</subfield>
    <subfield code="t">La Edad Moderna y las grandes revoluciones &#x2013;</subfield>
    <subfield code="t">Unidad 6.</subfield>
    <subfield code="t">El siglo XX &#x2013;</subfield>
    <subfield code="t">Unidad 7.</subfield>
    <subfield code="t">Poblaci&#xF3;n y espacio urbano &#x2013; </subfield>
    <subfield code="t">Unidad 8.</subfield>
    <subfield code="t">Econom&#xED;a y pol&#xED;tica -- Proyecto -- Actividades -- Pon a prueba tus competencias -- Repaso para las Pruebas Nacionales.</subfield>
  </datafield>
  <datafield tag="650" ind1=" " ind2="4">
    <subfield code="a">CIENCIAS SOCIALES</subfield>
    <subfield code="x">ENSE&#xD1;ANZA SECUNDARIA</subfield>
  </datafield>
  <datafield tag="650" ind1=" " ind2="4">
    <subfield code="a">CIENCIAS SOCIALES</subfield>
    <subfield code="x">ESTUDIOS Y EJERCICIOS</subfield>
  </datafield>
  <datafield tag="650" ind1=" " ind2="4">
    <subfield code="a">CIENCIAS SOCIALES</subfield>
    <subfield code="x">LIBROS DE TEXTOS</subfield>
  </datafield>
  <datafield tag="650" ind1=" " ind2="4">
    <subfield code="a">CIENCIAS SOCIALES</subfield>
    <subfield code="x">EDUCACI&#xD3;N SECUNDARIA</subfield>
  </datafield>
  <datafield tag="650" ind1=" " ind2="4">
    <subfield code="a">EDUCACI&#xD3;N SECUNDARIA</subfield>
    <subfield code="z">REP&#xDA;BLICA DOMINICANA</subfield>
  </datafield>
  <datafield tag="700" ind1="1" ind2="2">
    <subfield code="a">Acosta, Ryde</subfield>
    <subfield code="e">colab.</subfield>
    <subfield code="4"> </subfield>
  </datafield>
  <datafield tag="830" ind1=" " ind2="0">
    <subfield code="a">Proyecto S&#xE9;</subfield>
  </datafield>
  <datafield tag="910" ind1=" " ind2=" ">
    <subfield code="a">Validado. Conrol de calidad MFF</subfield>
  </datafield>
  <datafield tag="930" ind1=" " ind2="1">
    <subfield code="l">BND01</subfield>
    <subfield code="m">LF1</subfield>
    <subfield code="8">20130506</subfield>
    <subfield code="f">01</subfield>
    <subfield code="p">HD</subfield>
    <subfield code="g">36709</subfield>
  </datafield>
  <datafield tag="942" ind1=" " ind2=" ">
    <subfield code="2">ddc</subfield>
    <subfield code="c">BK</subfield>
  </datafield>
  <datafield tag="952" ind1=" " ind2=" ">
    <subfield code="0">0</subfield>
    <subfield code="1">0</subfield>
    <subfield code="2">ddc</subfield>
    <subfield code="4">0</subfield>
    <subfield code="7">0</subfield>
    <subfield code="8">ESC</subfield>
    <subfield code="a">BPMET</subfield>
    <subfield code="b">BPMET</subfield>
    <subfield code="d">2016-04-08</subfield>
    <subfield code="e">Donaci&#xF3;n</subfield>
    <subfield code="l">0</subfield>
    <subfield code="o">373.83   C569s   1ro.   2013</subfield>
    <subfield code="p">BPMSU15080504</subfield>
    <subfield code="r">2015-06-09</subfield>
    <subfield code="y">BK</subfield>
  </datafield>
  <datafield tag="952" ind1=" " ind2=" ">
    <subfield code="0">0</subfield>
    <subfield code="1">0</subfield>
    <subfield code="2">ddc</subfield>
    <subfield code="4">0</subfield>
    <subfield code="7">0</subfield>
    <subfield code="8">ESC</subfield>
    <subfield code="a">BPMET</subfield>
    <subfield code="b">BPMET</subfield>
    <subfield code="d">2016-04-08</subfield>
    <subfield code="e">Donaci&#xF3;n</subfield>
    <subfield code="l">0</subfield>
    <subfield code="o">373.83   C569s   1ro.   2013</subfield>
    <subfield code="p">BPMSU15080505</subfield>
    <subfield code="r">2015-06-09</subfield>
    <subfield code="t">ej. 2</subfield>
    <subfield code="y">BK</subfield>
  </datafield>
  <datafield tag="956" ind1=" " ind2=" ">
    <subfield code="a">YLOCKWARD</subfield>
    <subfield code="b">10</subfield>
    <subfield code="c">20150603</subfield>
    <subfield code="l">BND01</subfield>
    <subfield code="h">1156</subfield>
  </datafield>
  <datafield tag="956" ind1=" " ind2=" ">
    <subfield code="a">VMATEO</subfield>
    <subfield code="b">10</subfield>
    <subfield code="c">20150605</subfield>
    <subfield code="l">BMET02</subfield>
    <subfield code="h">00151</subfield>
  </datafield>
  <datafield tag="999" ind1=" " ind2=" ">
    <subfield code="c">7903</subfield>
    <subfield code="d">7903</subfield>
  </datafield>
</record>
